<?xml version="1.0" encoding="UTF-8"?>
<record
    xmlns:xsi="http://www.w3.org/2001/XMLSchema-instance"
    xsi:schemaLocation="http://www.loc.gov/MARC21/slim http://www.loc.gov/standards/marcxml/schema/MARC21slim.xsd"
    xmlns="http://www.loc.gov/MARC21/slim">

  <leader>00616nam a22001337a 4500</leader>
  <datafield tag="040" ind1=" " ind2=" ">
    <subfield code="c">RUA</subfield>
  </datafield>
  <datafield tag="082" ind1=" " ind2=" ">
    <subfield code="a">LMA HOR 2017 B652 Or.1</subfield>
  </datafield>
  <datafield tag="100" ind1=" " ind2=" ">
    <subfield code="a">HORT SARNET &#x17A0;&#x17CA;&#x178F; &#x179F;&#x178E;&#x17C1;&#x178F;</subfield>
  </datafield>
  <datafield tag="245" ind1=" " ind2=" ">
    <subfield code="a">using orthophoto captured by drone to support in systematic land registration &#x1780;&#x17B6;&#x179A;&#x1794;&#x17D2;&#x179A;&#x17BE;&#x1795;&#x17C2;&#x1793;&#x1791;&#x17B8;&#x179A;&#x17BC;&#x1794;&#x1790;&#x178F;&#x1796;&#x17B8;&#x179B;&#x17BE;&#x17A2;&#x17B6;&#x1780;&#x17B6;&#x179F;&#x178A;&#x17C4;&#x1799;&#x1787;&#x17D2;&#x179A;&#x17BC;&#x1793;&#x1794;&#x1798;&#x17D2;&#x179A;&#x17BE;&#x179A;&#x178A;&#x179B;&#x17CB;&#x1780;&#x17B6;&#x179A;&#x1785;&#x17BB;&#x17C7;&#x1794;&#x1789;&#x17D2;&#x1785;&#x17B8;&#x178A;&#x17B8;&#x1792;&#x17D2;&#x179B;&#x17B8;&#x1798;&#x17B6;&#x1793;&#x179B;&#x1780;&#x17D2;&#x1781;&#x178E;&#x17C7;&#x1787;&#x17B6;&#x1794;&#x17D2;&#x179A;&#x1796;&#x1793;&#x17D2;&#x1792;</subfield>
  </datafield>
  <datafield tag="260" ind1=" " ind2=" ">
    <subfield code="a">RUA</subfield>
    <subfield code="b">Phnom penh</subfield>
    <subfield code="c">2017</subfield>
  </datafield>
  <datafield tag="300" ind1=" " ind2=" ">
    <subfield code="a">xi;30p</subfield>
    <subfield code="b">ill;</subfield>
    <subfield code="c">29cm</subfield>
  </datafield>
  <datafield tag="856" ind1=" " ind2=" ">
    <subfield code="u"> HORT SARNET</subfield>
  </datafield>
  <datafield tag="942" ind1=" " ind2=" ">
    <subfield code="c">LMA</subfield>
  </datafield>
  <datafield tag="999" ind1=" " ind2=" ">
    <subfield code="c">18452</subfield>
    <subfield code="d">18452</subfield>
  </datafield>
  <datafield tag="952" ind1=" " ind2=" ">
    <subfield code="0">0</subfield>
    <subfield code="1">0</subfield>
    <subfield code="2">ddc</subfield>
    <subfield code="4">0</subfield>
    <subfield code="6">LMA_HOR_2017_000000000000000_B652_OR_1</subfield>
    <subfield code="7">0</subfield>
    <subfield code="9">82493</subfield>
    <subfield code="a">LBB</subfield>
    <subfield code="b">LBB</subfield>
    <subfield code="c">B652</subfield>
    <subfield code="d">2019-12-03</subfield>
    <subfield code="o">LMA HOR 2017 B652 Or.1</subfield>
    <subfield code="p">A063469</subfield>
    <subfield code="r">2019-12-03</subfield>
    <subfield code="w">2019-12-03</subfield>
    <subfield code="y">LMA</subfield>
  </datafield>
  <datafield tag="952" ind1=" " ind2=" ">
    <subfield code="0">0</subfield>
    <subfield code="1">0</subfield>
    <subfield code="2">ddc</subfield>
    <subfield code="4">0</subfield>
    <subfield code="6">LMA_HOR_2017_000000000000000_B652_OR_2</subfield>
    <subfield code="7">0</subfield>
    <subfield code="9">82494</subfield>
    <subfield code="a">LBB</subfield>
    <subfield code="b">LBB</subfield>
    <subfield code="c">B652</subfield>
    <subfield code="d">2019-12-03</subfield>
    <subfield code="o">LMA HOR 2017 B652 Or.2</subfield>
    <subfield code="p">A063353</subfield>
    <subfield code="r">2019-12-03</subfield>
    <subfield code="w">2019-12-03</subfield>
    <subfield code="y">LMA</subfield>
  </datafield>
  <datafield tag="952" ind1=" " ind2=" ">
    <subfield code="0">0</subfield>
    <subfield code="1">0</subfield>
    <subfield code="2">ddc</subfield>
    <subfield code="4">0</subfield>
    <subfield code="6">LMA_HOR_2017_000000000000000_B652_OR_3</subfield>
    <subfield code="7">0</subfield>
    <subfield code="9">82495</subfield>
    <subfield code="a">LBB</subfield>
    <subfield code="b">LBB</subfield>
    <subfield code="c">B652</subfield>
    <subfield code="d">2019-12-03</subfield>
    <subfield code="o">LMA HOR 2017 B652 Or.3</subfield>
    <subfield code="p">A063365</subfield>
    <subfield code="r">2019-12-03</subfield>
    <subfield code="w">2019-12-03</subfield>
    <subfield code="y">LMA</subfield>
  </datafield>
  <datafield tag="952" ind1=" " ind2=" ">
    <subfield code="0">0</subfield>
    <subfield code="1">0</subfield>
    <subfield code="2">ddc</subfield>
    <subfield code="4">0</subfield>
    <subfield code="6">LMA_HOR_2017_000000000000000_B652_OR_4</subfield>
    <subfield code="7">0</subfield>
    <subfield code="9">82496</subfield>
    <subfield code="a">LBB</subfield>
    <subfield code="b">LBB</subfield>
    <subfield code="c">B652</subfield>
    <subfield code="d">2019-12-03</subfield>
    <subfield code="l">1</subfield>
    <subfield code="o">LMA HOR 2017 B652 Or.4</subfield>
    <subfield code="p">A063309</subfield>
    <subfield code="r">2022-02-11</subfield>
    <subfield code="s">2022-02-04</subfield>
    <subfield code="w">2019-12-03</subfield>
    <subfield code="y">LMA</subfield>
  </datafield>
  <datafield tag="952" ind1=" " ind2=" ">
    <subfield code="0">0</subfield>
    <subfield code="1">0</subfield>
    <subfield code="2">ddc</subfield>
    <subfield code="4">0</subfield>
    <subfield code="6">LMA_HOR_2017_000000000000000_B652_OR_5</subfield>
    <subfield code="7">0</subfield>
    <subfield code="9">82497</subfield>
    <subfield code="a">LBB</subfield>
    <subfield code="b">LBB</subfield>
    <subfield code="c">B652</subfield>
    <subfield code="d">2019-12-03</subfield>
    <subfield code="l">1</subfield>
    <subfield code="o">LMA HOR 2017 B652 Or.5</subfield>
    <subfield code="p">A063369</subfield>
    <subfield code="r">2021-11-29</subfield>
    <subfield code="s">2021-11-24</subfield>
    <subfield code="w">2019-12-03</subfield>
    <subfield code="y">LMA</subfield>
  </datafield>
  <datafield tag="952" ind1=" " ind2=" ">
    <subfield code="0">0</subfield>
    <subfield code="1">0</subfield>
    <subfield code="2">ddc</subfield>
    <subfield code="4">0</subfield>
    <subfield code="6">LMA_HOR_2017_000000000000000_B652_OR_6</subfield>
    <subfield code="7">0</subfield>
    <subfield code="9">82498</subfield>
    <subfield code="a">LBB</subfield>
    <subfield code="b">LBB</subfield>
    <subfield code="c">B652</subfield>
    <subfield code="d">2019-12-03</subfield>
    <subfield code="l">1</subfield>
    <subfield code="o">LMA HOR 2017 B652 Or.6</subfield>
    <subfield code="p">A063429</subfield>
    <subfield code="r">2025-08-16</subfield>
    <subfield code="s">2024-12-14</subfield>
    <subfield code="w">2019-12-03</subfield>
    <subfield code="y">LMA</subfield>
  </datafield>
</record>
